Schaum's outline of introduction to probability and statistics / (Record no. 30190)
[ view plain ]
| 000 -LEADER | |
|---|---|
| fixed length control field | 00589 a2200193 4500 |
| 003 - CONTROL NUMBER IDENTIFIER | |
| control field | NUST |
| 005 - DATE AND TIME OF LATEST TRANSACTION | |
| control field | 20180118115946.0 |
| 008 - FIXED-LENGTH DATA ELEMENTS--GENERAL INFORMATION | |
| fixed length control field | 180118b xxu||||| |||| 00| 0 eng d |
| 020 ## - INTERNATIONAL STANDARD BOOK NUMBER | |
| International Standard Book Number | 0070605017 |
| 020 ## - INTERNATIONAL STANDARD BOOK NUMBER | |
| International Standard Book Number | 9780070605015 |
| 082 ## - DEWEY DECIMAL CLASSIFICATION NUMBER | |
| Classification number | 519.2 |
| 100 1# - MAIN ENTRY--PERSONAL NAME | |
| Personal name | Lipschutz, Seymour. |
| 9 (RLIN) | 8529 |
| 245 10 - TITLE STATEMENT | |
| Title | Schaum's outline of introduction to probability and statistics / |
| Statement of responsibility, etc. | Seymour Lipschutz, John J. Schiller. |
| 250 ## - EDITION STATEMENT | |
| Edition statement | Tata McGraw-Hill Edition |
| 260 ## - PUBLICATION, DISTRIBUTION, ETC. | |
| Place of publication, distribution, etc. | New Delhi |
| Name of publisher, distributor, etc. | Tata McGraw-Hill, |
| Date of publication, distribution, etc. | 2006. |
| 300 ## - PHYSICAL DESCRIPTION | |
| Extent | 384 p. ; |
| Dimensions | 27 cm. |
| 490 1# - SERIES STATEMENT | |
| Series statement | Schaum's outline series. |
| 700 ## - ADDED ENTRY--PERSONAL NAME | |
| Personal name | Schiller, John |
| 9 (RLIN) | 8663 |
| 830 ## - SERIES ADDED ENTRY--UNIFORM TITLE | |
| Uniform title | Schaum's outline series |
| 9 (RLIN) | 8664 |
| 942 ## - ADDED ENTRY ELEMENTS (KOHA) | |
| Institution code [OBSOLETE] | SNS |
| Koha item type | Book |
| Call number prefix | 519.2 LIP |
| Source of classification or shelving scheme | |
| Withdrawn status | Lost status | Damaged status | Not for loan | Permanent Location | Current Location | Date acquired | Total Checkouts | Total Renewals | Full call number | Barcode | Date last seen | Date last checked out | Price effective from | Koha item type |
|---|---|---|---|---|---|---|---|---|---|---|---|---|---|---|
| School of Natural Sciences (SNS) | School of Natural Sciences (SNS) | 05/26/2016 | 2 | 1 | 519.2 LIP | SNS0001483 | 11/19/2020 | 11/09/2020 | 05/26/2016 | Book |
